Noticia acerca del agua mineral nitrogenada, ferruginosa y manganesífera del manantial de San José de La Aliseda (La Carolina, provincia de Jaén) / (Record no. 48000)

MARC details
000 -LEADER
campo de control de longitud fija 01131nam a22002415i 4500
001 - NÚMERO DE CONTROL
campo de control 48000
003 - IDENTIFICADOR DE NÚMERO DE CONTROL
campo de control ES-MaACL
005 - FECHA Y HORA DE LA ÚLTIMA TRANSACCIÓN
campo de control 20230906161656.0
007 - CAMPO FIJO DE DESCRIPCIÓN FÍSICA--INFORMACIÓN GENERAL
campo de control de longitud fija t|
008 - DATOS DE LONGITUD FIJA--INFORMACIÓN GENERAL
campo de control de longitud fija 950206s1887 sp ||||1| spa d
040 ## - FUENTE DE CATALOGACIÓN
Centro catalogador/agencia de origen CAM
Lengua de catalogación spa
Centro/agencia transcriptor CCPB | PA2
100 1# - ENTRADA PRINCIPAL--NOMBRE DE PERSONA
Nombre de persona Creus y Manso, Juan.
9 (RLIN) 41578
245 10 - MENCIÓN DEL TÍTULO
Título Noticia acerca del agua mineral nitrogenada, ferruginosa y manganesífera del manantial de San José de La Aliseda (La Carolina, provincia de Jaén) /
Mención de responsabilidad, etc. por el Dr. D. Juan Creus ; seguida del análisis de la misma agua practicado por el Doctor D. Manuel Sáenz-Díez.
260 ## - PUBLICACIÓN, DISTRIBUCIÓN, ETC.
Lugar de publicación, distribución, etc. Madrid :
Nombre del editor, distribuidor, etc. [s.n.],
Fecha de publicación, distribución, etc. 1887 (
Fabricante Est. tip. Sucesores de Rivadeneyra)
300 ## - DESCRIPCIÓN FÍSICA
Extensión 39 p. ;
Dimensiones 22 cm.
530 ## - NOTA DISPONIBLE DE FORMULARIO FÍSICO ADICIONAL
Nota de formato físico adicional disponible Disponible también en sitio web.
650 #4 - PUNTO DE ACCESO ADICIONAL DE MATERIA--TÉRMINO DE MATERIA
Término de materia o nombre geográfico como elemento de entrada Aguas minerales-
Subdivisión geográfica La Aliseda.
9 (RLIN) 151982
700 1# - ENTRADA AGREGADA--NOMBRE PERSONAL
Nombre de persona Sáenz Díez, Manuel.
9 (RLIN) 101327
852 ## - LOCALIZACIÓN
Ubicación ES-MaACL
Número de control de estantería T-855-F-8
Nota libre .- Enc. en un vol. facticio conservando la enc. original
852 ## - LOCALIZACIÓN
Ubicación ES-MaACL
Número de control de estantería T-470-F-1
852 ## - LOCALIZACIÓN
Ubicación ES-MaACL
Número de control de estantería T-454-F-19
856 ## - LOCALIZACIÓN Y ACCESO ELECTRÓNICOS
Identificador Uniforme de Recursos <a href="http://bibliotecadigitalhispanica.bne.es:80/webclient/DeliveryManager?pid=1832223&custom_att_2=simple_viewer">http://bibliotecadigitalhispanica.bne.es:80/webclient/DeliveryManager?pid=1832223&custom_att_2=simple_viewer</a>
Nota pública Ir a la página
Holdings
Estatus retirado Estado de pérdida Estado de daño No para préstamo Colección Biblioteca de origen Biblioteca actual Ubicación en estantería Fecha de adquisición Fuente de adquisición Total de préstamos Signatura topográfica completa Código de barras Visto por última vez Precio de reemplazo Tipo de ítem Koha
        Colección de folletos Biblioteca del Ateneo de Madrid Biblioteca del Ateneo de Madrid Depósito folletos 17/01/2008     T-470-F-1 1050514 23/02/2023 23/02/2023 Folleto
        Colección de folletos Biblioteca del Ateneo de Madrid Biblioteca del Ateneo de Madrid Depósito folletos 14/12/2012     T-454-F-19 1190586 23/02/2023 23/02/2023 Folleto
        Colección de folletos Biblioteca del Ateneo de Madrid Biblioteca del Ateneo de Madrid Depósito folletos 17/01/2008     T-855-F-8 1050513 23/02/2023 23/02/2023 Folleto